000 00786nam a2200301Ia 4500
001 22054
003 IT-RoPAU
008 130308s9999 xx 000 0 und d
040 _aIT-RoPAU
040 _cIT-RoPAU
041 _aPORTOGHESE
100 _aLins da Silva Carlos Eduardo
100 _gCodice Aut. SPICS: 2591
245 _aHegemonia
245 _bTemas basicos Em Comunicacao
250 _a1a ed.
260 _aSAO PAULO
260 _bEdicoes Paulinas
260 _c1983 [1° Ed.:1983 - Ed.Ling.Originale:1983]
300 _a"5 p. (prefazione: no ; testo: 5 [pagine: 153-157])"
500 _aEgemonia
650 _aTEORIA DELLA COMUNICAZIONE SOCIALE
650 _eCodice materia Spics: 3802
942 _cBK
957 _71
999 _c43509
_d43509
999 _bSI
999 _g1